Planning policy, policy guidance and technical advice (Record no. 69110)
[ view plain ]
| 000 -LEADER | |
|---|---|
| fixed length control field | 01511cam a2200253 4500 |
| 001 - CONTROL NUMBER | |
| control field | ABS64932 |
| 008 - FIXED-LENGTH DATA ELEMENTS--GENERAL INFORMATION | |
| fixed length control field | 011213n2001 000 0 eng u |
| 035 ## - SYSTEM CONTROL NUMBER | |
| System control number | (Sirsi) u115994 |
| 100 ## - MAIN ENTRY--PERSONAL NAME | |
| Personal name | Harris, N |
| 245 ## - TITLE STATEMENT | |
| Title | Planning policy, policy guidance and technical advice |
| 260 ## - PUBLICATION, DISTRIBUTION, ETC. | |
| Date of publication, distribution, etc. | 2001 |
| 490 ## - SERIES STATEMENT | |
| Series statement | Town Planning Review |
| Volume/sequential designation | 72(4) October 2001, 393-422(30) |
| 520 ## - SUMMARY, ETC. | |
| Summary, etc. | The planning system in Wales has evolved during the past five years in response to political change, policy reform and devolution. The framework for the publication of central government planning policy and related information in Wales has, partly as a result of these changes, taken on a different form to that which it has historically shared with England. A central element in the revised format for the dissemination of planning policy in Wales is the ability to distinguish clearly between planning policy and technical advice. The paper provides an account of the recent evolution of the planning framework in Wales and gives the essential context for an assessment and analysis of the Technical Advice Notes (TAN) series in order to establish its role, function and content. [TAKEN FROM JOURNAL HEADNOTE] References. |
| 590 ## - LOCAL NOTE (RLIN) | |
| Local note | ABS |
| 650 ## - SUBJECT ADDED ENTRY--TOPICAL TERM | |
| Topical term or geographic name entry element | WALES |
| 650 ## - SUBJECT ADDED ENTRY--TOPICAL TERM | |
| Topical term or geographic name entry element | ENGLAND |
| 650 ## - SUBJECT ADDED ENTRY--TOPICAL TERM | |
| Topical term or geographic name entry element | PLANNING POLICY GUIDANCE |
| 650 ## - SUBJECT ADDED ENTRY--TOPICAL TERM | |
| Topical term or geographic name entry element | PPG |
| 650 ## - SUBJECT ADDED ENTRY--TOPICAL TERM | |
| Topical term or geographic name entry element | TECHNICAL ADVICE NOTES |
| 650 ## - SUBJECT ADDED ENTRY--TOPICAL TERM | |
| Topical term or geographic name entry element | PLANNING SYSTEM |
| 650 ## - SUBJECT ADDED ENTRY--TOPICAL TERM | |
| Topical term or geographic name entry element | DEVOLUTION |
| 690 ## - LOCAL SUBJECT ADDED ENTRY--TOPICAL TERM (OCLC, RLIN) | |
| Topical term or geographic name as entry element | ENVIRONMENTAL AND LAND CONSULTANCY-PLANNING AND DEVELOPMENT |
| 942 ## - ADDED ENTRY ELEMENTS (KOHA) | |
| Suppress in OPAC | 0 |
| Withdrawn status | Lost status | Source of classification or shelving scheme | Damaged status | Not for loan | Home library | Current library | Shelving location | Date acquired | Total Checkouts | Full call number | Barcode | Date last seen | Copy number | Price effective from | Koha item type |
|---|---|---|---|---|---|---|---|---|---|---|---|---|---|---|---|
| Dewey Decimal Classification | London | London | Journal article | 13/12/2001 | ABS64932 | 115994-1001 | 06/08/2019 | 1 | 06/08/2019 | Journal article |